Classic Clickable Jokes Quiz Stats

 Plays Quiz Updated Mar 20, 2013

Support Sporcle.
Go Orange.
Score 0/25 Timer 12:00
13 Plays Today
% Correct
Because he felt crummy.
92.9%
No pun in ten did.
92.1%
At least I don't have cancer.
91.3%
No charge.
91%
She couldn't control her pupils.
91%
And what's your third question?
90.9%
I wish my friends were back here.
89.9%
Maybe laundry isn't your biggest problem.
89.2%
They're all at the funeral.
88.5%
The clothes probably wouldn't have fit.
88.5%
I'll hold your monkey for you.
87.9%
It's not unusual.
87.7%
Ok, now what?
86.3%
% Correct
Do you smell carrots?
85.5%
Why the long face?
84.7%
You’ve done nothing but complain since you got here.
84.4%
I see your problem...
83.7%
I’m telling everybody!
83.4%
Watch out for the wall!
83.4%
Is this some kind of joke?
82.7%
What the heck was that all about?
82%
I'd like a beer and a mop.
80.2%
We'll see about that.
79.2%
Look, he's moving!
77%
I've lost three days already.
76.2%

You're not logged in!

Compare scores with friends on all Sporcle quizzes.
OR
Log In
Forgot?

From the Vault

Six-Letter Things

by Derek

Why is 6 afraid of 7? Because 7, 8 9 and 10.
Remove Ads.
Support Sporcle.
Get the best of Sporcle when you Go Orange. This ad-free experience offers more features, more stats, and more fun while also helping to support Sporcle. Thank you for becoming a member.

Show Comments

Extras

Top Quizzes Today


Score Distribution

Your Account Isn't Verified!

In order to create a playlist on Sporcle, you need to verify the email address you used during registration. Go to your Sporcle Settings to finish the process.

Report this User

Report this user for behavior that violates our Community Guidelines.

Details: